00327nam a2200145Ia 4500008004100000020001800041041000800059082001500067100001300082245003100095250000800126260002800134300000900162500001000171220803s9999 xx 000 0 und d a9781138628588 aeng a681.62 GRE aGreeno R aPrinciples Of Construction a2nd aLondonbRoutledgec2017 a316p aARCHI